<The> Labor Market as a Social Institution

Na minha lista:
Detalhes bibliográficos
Autor principal: Solow, Robert M.
Formato: Livro
Idioma:inglês
Publicado em: Cambridge Basil Blackwel 1990
Edição:1. ed.
Tags: Adicionar Tag
Sem tags, seja o primeiro a adicionar uma tag!

MARC

LEADER 00000nam a2200000 4500
001 c033258
005 20221215114044.9
041 0 |a eng 
044 |a GB 
245 1 0 |a <The> Labor Market as a Social Institution  |c Robert M. Solow 
250 |a 1. ed. 
264 1 |a Cambridge  |b Basil Blackwel  |c 1990 
300 |a 116 s. 
100 1 |a Solow, Robert M.